Intensive Bewährungshilfe und junge Intensivtäter: eine empirische Analayse des Einflusses von Intensivbewährungshilfe auf die kriminelle Karriere junger Mehrfachauffälliger in Bayern
| Main Author: | |
|---|---|
| Corporate Author: | |
| Format: | Electronic Book |
| Language: | German |
| Published: |
Berlin
Duncker & Humblot
[2018]
Freiburg i. Br. Max-Planck-Institut für ausländisches und internationales Strafrecht [2018] |
| In: |
Schriftenreihe des Max-Planck-Instituts für ausländisches und internationales Strafrecht (Band K 181)
Year: 2018 |
| Online Access: |
Volltext (kostenfrei) Volltext (kostenfrei) Volltext (kostenfrei) |
| Check availability: | HBZ Gateway |
| Keywords: | |
| Parallel Edition: | Non-electronic
|
MARC
| LEADER | 00000cam a2200000 c 4500 | ||
|---|---|---|---|
| 001 | 1737774178 | ||
| 003 | DE-627 | ||
| 005 | 20260303005246.0 | ||
| 007 | cr uuu---uuuuu | ||
| 008 | 201104s2018 gw |||||om 00| ||ger c | ||
| 035 | |a (DE-627)1737774178 | ||
| 035 | |a (DE-599)KXP1737774178 | ||
| 035 | |a (OCoLC)1312013617 | ||
| 040 | |a DE-627 |b ger |c DE-627 |e rda | ||
| 041 | |a ger | ||
| 044 | |c XA-DE-BW |c XA-DE-BE | ||
| 082 | 0 | |a 364.8 |q SEPA | |
| 084 | |a 2,1 |2 ssgn | ||
| 084 | |a PH 5290 |2 rvk |0 (DE-625)rvk/136198: | ||
| 084 | |a PH 8400 |2 rvk |0 (DE-625)rvk/136499: | ||
| 084 | |a 79.20 |2 bkl | ||
| 100 | 1 | |a Walsh, Maria |e VerfasserIn |0 (DE-588)1159962901 |0 (DE-627)1023076519 |0 (DE-576)51730192X |4 aut | |
| 109 | |a Walsh, Maria | ||
| 245 | 1 | 0 | |a Intensive Bewährungshilfe und junge Intensivtäter |b eine empirische Analayse des Einflusses von Intensivbewährungshilfe auf die kriminelle Karriere junger Mehrfachauffälliger in Bayern |c Maria Walsh |
| 264 | 1 | |a Berlin |b Duncker & Humblot |c [2018] | |
| 264 | 1 | |a Freiburg i. Br. |b Max-Planck-Institut für ausländisches und internationales Strafrecht |c [2018] | |
| 264 | 4 | |c © 2018 | |
| 300 | |a 1 Online-Ressource (XXII, 210 Seiten) |b Illustrationen | ||
| 336 | |a Text |b txt |2 rdacontent | ||
| 337 | |a Computermedien |b c |2 rdamedia | ||
| 338 | |a Online-Ressource |b cr |2 rdacarrier | ||
| 490 | 1 | |a Schriftenreihe des Max-Planck-Instituts für ausländisches und internationales Strafrecht |a Kriminologische Forschungsberichte |v Band K 181 | |
| 502 | |b Dissertation |c Ludwig-Maximilians-Universität München |d 2016 | ||
| 655 | 7 | |a Hochschulschrift |0 (DE-588)4113937-9 |0 (DE-627)105825778 |0 (DE-576)209480580 |2 gnd-content | |
| 689 | 0 | 0 | |d g |0 (DE-588)4005044-0 |0 (DE-627)106383221 |0 (DE-576)208858954 |a Bayern |2 gnd |
| 689 | 0 | 1 | |d s |0 (DE-588)4128828-2 |0 (DE-627)105714372 |0 (DE-576)209605405 |a Jugendlicher Intensivtäter |2 gnd |
| 689 | 0 | 2 | |d s |0 (DE-588)4006305-7 |0 (DE-627)106378023 |0 (DE-576)208865039 |a Bewährungshilfe |2 gnd |
| 689 | 0 | |5 (DE-627) | |
| 710 | 2 | |a Ludwig-Maximilians-Universität München |e Grad-verleihende Institution |0 (DE-588)2002585-3 |0 (DE-627)101422873 |0 (DE-576)191585351 |4 dgg | |
| 751 | |a München |0 (DE-588)4127793-4 |0 (DE-627)105722073 |0 (DE-576)209596570 |4 uvp | ||
| 776 | 1 | |z 9783861132691 |c (Max-Planck-Institut) | |
| 776 | 1 | |z 9783428151981 |c (Duncker & Humblot) | |
| 776 | 0 | 8 | |i Erscheint auch als |n Druck-Ausgabe |a Walsh, Maria |t Intensive Bewährungshilfe und junge Intensivtäter |d Freiburg i. Br. : Max-Planck-Institut für ausländisches und internationales Strafrecht, 2018 |h XXII, 210 Seiten |w (DE-627)1636652824 |w (DE-576)502511966 |z 9783861132691 |z 9783428151981 |z 3428151984 |k Non-Electronic |
| 830 | 0 | |a Schriftenreihe des Max-Planck-Instituts für ausländisches und internationales Strafrecht |n K |p Kriminologische Forschungsberichte |v Band K 181 |9 181 |w (DE-627)1738265773 |w (DE-600)3044787-2 |7 am | |
| 856 | 4 | 0 | |u http://hdl.handle.net/21.11116/0000-0002-A0BF-2 |x Resolving-System |z kostenfrei |3 Volltext |7 0 |
| 856 | 4 | 0 | |u https://doi.org/10.30709/978-3-86113-269-1 |x Resolving-System |z kostenfrei |3 Volltext |7 0 |
| 856 | 4 | 0 | |u https://pure.mpg.de/pubman/faces/ViewItemOverviewPage.jsp?itemId=item_3012409 |x Verlag |z kostenfrei |3 Volltext |7 0 |
| 935 | |a mkri | ||
| 936 | r | v | |a PH 5290 |b Strafaussetzung, Bewährungshilfe |k Rechtswissenschaft |k Strafrecht, Strafverfahrensrecht, Kriminologie |k Strafvollzug |k Strafaussetzung, Bewährungshilfe |0 (DE-627)1272237338 |0 (DE-625)rvk/136198: |0 (DE-576)202237338 |
| 936 | r | v | |a PH 8400 |b Persönlichkeitsforschung; Biografische Methode; Prognose; Rückfall; Kriminelle Karriere; Einzelne Tätertypen: Berufsverbrecher, Gewohnheitsverbrecher usw. |k Rechtswissenschaft |k Strafrecht, Strafverfahrensrecht, Kriminologie |k Kriminologie |k Der Täter; Persönlichkeit und soziales Umfeld |k Persönlichkeitsforschung; Biografische Methode; Prognose; Rückfall; Kriminelle Karriere; Einzelne Tätertypen: Berufsverbrecher, Gewohnheitsverbrecher usw. |0 (DE-627)127179389X |0 (DE-625)rvk/136499: |0 (DE-576)20179389X |
| 936 | b | k | |a 79.20 |j Resozialisierung |0 (DE-627)106412957 |
| 936 | s | n | |a m200 |2 mzub |
| 936 | s | n | |a p100 |2 mzub |
| 951 | |a BO | ||
| ELC | |a 1 | ||
| LOK | |0 000 xxxxxcx a22 zn 4500 | ||
| LOK | |0 001 3792219883 | ||
| LOK | |0 003 DE-627 | ||
| LOK | |0 004 1737774178 | ||
| LOK | |0 005 20201104145230 | ||
| LOK | |0 008 201104||||||||||||||||ger||||||| | ||
| LOK | |0 040 |a DE-Frei85 |c DE-627 |d DE-Frei85 | ||
| LOK | |0 852 |a DE-Frei85 | ||
| LOK | |0 852 1 |m p |9 00 | ||
| LOK | |0 938 |k p | ||
| LOK | |0 939 |a 04-11-20 |b l01 | ||
| OAS | |a 1 | ||
| ORI | |a WA-MARC-krimdoka001.raw | ||
